Weiter zum Inhalt

Методические основы внутреннего аудита эффективности системы управленческого учета на предприятии // Экономический анализ: Статья Статья

В статье показаны методологические основы внутреннего аудита эффективности систем управленческого учета на предприятиях. Рассмотрены наиболее часто применяемые подходы и методы в рамках такого вида аудита а также актуальные направления его развития. Разработана и представлена аналитическая таблица...

Ausführliche Beschreibung

Gespeichert in:
Bibliographische Detailangaben
1. Verfasser: Волошин Д.А
Format: Статья
Ausgabe:1
Online Zugang:https://znanium.com/catalog/document?id=274743
https://znanium.com/cover/0562/562832.jpg
Tags: Tag hinzufügen
Keine Tags, Fügen Sie den ersten Tag hinzu!
LEADER 02168nam0a2200217 i 4500
001 RU\infra-m\znanium\bibl\562832
003 https://znanium.com/catalog/document?id=274743
005 20190811000000.0
100 |a 20190811d2016 m y0rusy0150 ca 
101 0 |a rus 
102 |a RU 
200 1 |a Методические основы внутреннего аудита эффективности системы управленческого учета на предприятии // Экономический анализ: Статья  |e Статья  |f Московский государственный университет им. М.В. Ломоносова, экономический факультет 
205 |a 1 
210 1 |a Москва  |c Издательский Центр РИОР  |d 2016 
215 |a 16 с. 
330 |a В статье показаны методологические основы внутреннего аудита эффективности систем управленческого учета на предприятиях. Рассмотрены наиболее часто применяемые подходы и методы в рамках такого вида аудита а также актуальные направления его развития. Разработана и представлена аналитическая таблица для проведения внутреннего аудита эффективности системы управленческого учета. 
608 |a Статья  |2 local 
700 1 |a Волошин  |b Д.А.  |g Дмитрий Александрович  |p Московский государственный университет им. М.В. Ломоносова, экономический факультет 
801 0 |a RU  |b Общество с ограниченной ответственностью «ЗНАНИУМ»  |c 20160524  |2 rusmarc 
856 4 |a znanium.com  |m ebs_support@infra-m.ru  |n НИЦ ИНФРА-М  |u https://znanium.com/catalog/document?id=274743 
856 4 1 |a znanium.com  |d /cover/0562  |f 562832.jpg  |q image/jpeg  |u https://znanium.com/cover/0562/562832.jpg